000
00260 a2200121 4500
001
195026
040
_c
Magnum
240
1
0
_a
O apanhador de acalantos
_l
por
245
1
0
_a
O apanhador de acalantos
300
_a
15
697
_a
LITERATURA INFANTIL
942
_c
BK
999
_c
195026
_d
195026